000 00979nam a2200313 a 4500
001 3541
003 BD-RjUL
005 20211208233741.0
008 131219s2003 enk b 001 0 eng
020 _a1860648657
020 _a1850439346 (pbk.)
035 _a(OCoLC)ocm51569047
035 _a(BD-RjUL)3575
035 _a(NNC)3442341
040 _aUKM
_cUKM
_dC#P
_dBD-RjUL
_beng
041 _aeng
082 0 0 _221
_a340.59
_bZUL 2005
100 1 _aZubaida, Sami,
_d1937-
_911170
245 1 0 _aLaw and power in the Islamic world /
_cSami Zubaida.
260 _aLondon ;
_aNew York :
_bI.B. Tauris,
_cc2003 [Reprinted 2005].
300 _avii, 248 p. ;
_c25 cm.
490 1 _aLibrary of modern Middle East studies ;
_v34
504 _aIncludes bibliographical references (p. 231-236) and index.
650 0 _aIslamic law.
_911171
830 0 _v34.
_9158031
830 0 _aLibrary of modern Middle East studies ;
_9158032
942 _2ddc
_cBK
_013
999 _c3541
_d3541